000 00476nam a2200145Ia 4500
008 180921t1935 xxu||||| ||||o00| 0 eng d
041 _aeng
245 _aReport of The Work of The Rubber Research Board In 1934 : ( Established Under Ceylon ordinance No.10 of 1930.) :Auditor-General's Report For 1934.
260 _c1935
300 _ap.66-74, 23 cm
500 _aVol.i
_aSessional Paper xiv-1935
942 _cBK
999 _c53794
_d53794
003 LK-CoDNM
040 _aLK-CoDNM
_dLK-CoDNM
_eLK-CoDNM